| 000 | 00499nam a22001697a 4500 | ||
|---|---|---|---|
| 003 | SGT | ||
| 020 | _a9788126508105 | ||
| 082 | _a530.15,BOA | ||
| 100 | _aBOAS MARY L. | ||
| 245 | _aMATHEMATICAL METHODS IN THE PHYSICAL SCIENCES | ||
| 250 | _a3RD | ||
| 260 |
_aNEW DELHI _bWILEY _c2015 |
||
| 300 | _a839 | ||
| 650 | _aMATHEMATICAL PHYSICS | ||
| 653 | _aINFINITE SERIES POWER SERIES, COMPLEX NUMBERS, LINEAR ALGEBRA, PARTIAL DIFFERNTATION, MULTIPLE INTEGRALS,VECTOR ANALYSIS | ||
| 942 |
_2ddc _cFPS |
||
| 999 |
_c9322 _d9322 |
||